Análisis de implementación de un sistema de Buses de Tránsito Rápido para el corredor Uruca – Heredia

Uloženo v:
Podrobná bibliografie
Hlavní autor: Díaz Gutiérrez, Jorge Manuel, 1995-
Další autoři: Agüero Valverde, Jonathan Gerardo, 1976- Director del TFG
Médium: Kniha
Vydáno: [San José ], Costa Rica 2019
Témata:
Tagy: Přidat tag
Žádné tagy, Buďte první, kdo vytvoří štítek k tomuto záznamu!

MARC

LEADER 00000nam a2200000Ia 4500
003 013146
005 20230510135439.0
008 140114s2019 c 000 ||s d
040 |c cru CEDI 
100 |a Díaz Gutiérrez, Jorge Manuel, 1995-  |9 536 
245 |a Análisis de implementación de un sistema de Buses de Tránsito Rápido para el corredor Uruca – Heredia 
260 |a  [San José ], Costa Rica  |c 2019 
500 |a Proyecto de graduación (licenciatura en ingeniería civil)--Universidad de Costa Rica. Facultad de Ingeniería. Escuela de Ingeniería Civil. 
501 |a Director de Proyecto de Graduación: Ing. Jonathan Agüero Valverde, Ph.D 
650 |x AUTOBUSES DE TRANSITO RAPIDO   |x URUCA (SAN JOSE, COSTA RICA) - SISTEMA DE TRANSITO - PLANIFICACION  |x AUTOBUSES - ORGANIZACION - SAN JOSE (COSTA RICA)   |x TRANSPORTE PUBLICO - PLANIFICACION - URUCA (SAN JOSE, COSTA RICA)   |x TRANSITO LOCAL - PLANIFICACION - URUCA (SAN JOSE, COSTA RICA)  
700 |9 242  |a Agüero Valverde, Jonathan Gerardo, 1976-  |d Director del TFG  
942 |c CEDI  |h TFG 8296  |6 TFG_8296_000000000000000 
999 |c 11700  |d 11700